000 01185nam a2200229Ia 4500
003 Ost
005 20260507075309.0
008 260507s9999||||xx |||||||||||||| ||und||
020 _a9789957477028
040 _cfsecg
041 _aara
082 _a330
100 _aمحمد حماد، حمزة عبد الكريم
_eمؤلف
245 0 _aمخاطر الإستثمار في المصارف الاسلامية /
_c حمزة عبد الكريم محمد حماد
260 _aعمان:
_bالنفائس,
_c2008
300 _a254 صفحة؛
_c24 سم
520 _aمخاطر الاستثمار في المصارف الاسلامية : مفهومها ، مصادرها و آثارها و مخاطر الاستثمار في المضاربة و المشاركة و في المراجعة ، مخاطر الاستثمار في الاستصناع و السلم و بعض الصيغ الاخرى مع وجود بعض الوسائل المصرفية لتقليل مخاطر الاستثمار في المصارف الاسلامية .
653 _aالاستثمار
653 _aالإقتصاد الإسلامي
653 _aالبنوك الاسلامية
942 _cكتاب
999 _c43834
_d43834